000 00384nam a2200157Ia 4500
003 GCL
008 140319s9999 xx 000 0 eng d
040 _aGCL /
_cGCL
082 0 4 _a598.65
_bM P
100 1 _aMARTIN, JAMES
245 1 0 _aPIGEON RACING /
_cMARTIN, JAMES
260 _a[S.N] :
_bW. FOULSHAM & CO. LTD ،
_c1992
300 _a95 P
650 0 4 _aPIGEON
942 _2ddc
_cBK
999 _c18105
_d18105